| 000 | 01614cam a2200337 a 4500 | ||
|---|---|---|---|
| 999 |
_c4194 _d4194 |
||
| 001 | 01619776 | ||
| 003 | OSt | ||
| 005 | 20250124091455.0 | ||
| 008 | 060802s2006 enk 001 0 eng d | ||
| 020 | _a0141022728 (pbk.) | ||
| 024 | 3 | _a9780141022727 (pbk.) | |
| 040 |
_aKUASL _beng _cTL _eAACR2 _dNCHU _dKH8 |
||
| 041 | 0 | _aeng | |
| 042 | _anbic | ||
| 082 | 0 |
_a303.4833 FRI _bF914 |
|
| 100 | 1 |
_aFriedman, Thomas L. _eauthor. |
|
| 245 | 1 | 4 |
_aThe world is flat : _bthe globalized world in the Twenty-First Century / _cThomas L. Friedman. |
| 250 | _aUpdated and expanded ed. | ||
| 260 |
_aLondon : _bPenguin Books, _cc2006. |
||
| 300 |
_aviii, 600 p. ; _c20 cm. |
||
| 500 | _aIncludes index. | ||
| 500 | _aPrevious ed.: London: Allen Lane, 2005. | ||
| 505 | 0 | _aHow the world became flat -- While I was sleeping -- The ten forces that flattened the world -- The triple convergence -- The great sorting out -- America and the flat world -- America and free trade -- The untouchables -- The right stuff -- The quiet crisis -- This is not a test -- Developing countries and the flat world -- The Virgin of Guadalupe -- Companies and the flat world -- How companies cope -- Geopolitics and the flat world -- The unflat world -- Globalization of the local -- The Dell theory of conflict prevention -- Conclusion: imagination -- 11/9 versus 9/11. | |
| 650 | 0 | _aDiffusion of innovations. | |
| 650 | 0 | _aInformation society. | |
| 650 | 0 |
_aGlobalization _xSocial aspects. |
|
| 650 | 0 |
_aGlobalization _xEconomic aspects. |
|
| 650 | 0 | 0 | _aInformation society. |
| 650 | 0 | 0 | _aDiffusion of innovations. |
| 942 |
_2ddc _cNFIC |
||